logo

Bir Sreshtho Munshi Abdur Rouf Library
Jhenaidah Cadet College

Science 2 / (Record no. 6517)

MARC details
000 -LEADER
fixed length control field 00666nam a22002537a 4500
001 - CONTROL NUMBER
JCCL Control Number 6517
003 - CONTROL NUMBER IDENTIFIER
JCCL marc code BD-JhCC
005 - DATE AND TIME OF LATEST TRANSACTION
control field 20180124183411.0
008 - FIXED-LENGTH DATA ELEMENTS--GENERAL INFORMATION
fixed length control field 180116s1966 AS ||||| ||a| 00| 0 eng d
035 ## - SYSTEM CONTROL NUMBER
system control number (BD-JhCC)6517
040 ## - CATALOGING SOURCE
Original cataloging agency BD-JhCC
Modifying agency BD-JhCC
041 ## - LANGUAGE CODE
Language code of Book eng
082 ## - DEWEY DECIMAL CLASSIFICATION NUMBER
Classification number 500
Author mark and Year SCI 1966
100 ## - MAIN ENTRY--PERSONAL NAME
Personal name Smith, Herbert A.
245 ## - TITLE STATEMENT
Title Science 2 /
Statement of responsibility, etc Herbert A. Smith; Milo K. Blecha and John Sternig
250 ## - EDITION STATEMENT
Edition statement 2nd ed.
260 ## - PUBLICATION, DISTRIBUTION, ETC. (IMPRINT)
Place of publication, distribution, etc California :
Name of publisher, distributor, etc Laidlaw Brothers,
Date of publication, distribution, etc 1966
300 ## - PHYSICAL DESCRIPTION
Pagination 288 p. :
Dimensions 26 cm.
490 ## - SERIES STATEMENT
Series statement The Laidlaw Science Series
650 ## - SUBJECT ADDED ENTRY--TOPICAL TERM
Topical term or geographic name as entry element Science
700 ## - ADDED ENTRY--PERSONAL NAME
Personal name Blecha, Milo K.
700 ## - ADDED ENTRY--PERSONAL NAME
Personal name Sternig, John
942 ## - ADDED ENTRY ELEMENTS (KOHA)
Source of classification or shelving scheme Dewey Decimal Classification
Koha item type Books
Holdings
Source of classification or shelving scheme Damaged status Not for loan Home library Current library Shelving location Date of accession Total Checkouts Full call number Barcode Date last seen Copy number Koha item type Date checked out
Dewey Decimal Classification     JCC Rouf Library JCC Rouf Library General Stacks 01/24/2018   500 SCI 1966 842 01/24/2018 C-1 Books  
Dewey Decimal Classification     JCC Rouf Library JCC Rouf Library General Stacks 01/24/2018 1 500 SCI 1966 841 05/28/2024 C-2 Books 05/28/2024
Dewey Decimal Classification     JCC Rouf Library JCC Rouf Library General Stacks 01/24/2018   500 SCI 1966 839 01/24/2018 C-3 Books  

JCC Library | Contacts | JCC Home

Last Update on 23 September 2017
Copyright @ 2017-2020 JCC Rouf Library
Rouf Library, Jhenidah Cadet College (JCC), Bangladesh